|
|
|
|
| LEADER |
00000naa2a2200000 4500 |
| 001 |
384225 |
| 005 |
20231101063229.0 |
| 035 |
|
|
|a (RuTPU)RU\TPU\prd\10721
|
| 090 |
|
|
|a 384225
|
| 100 |
|
|
|a 20030218a2002 k y0rusy50 ca
|
| 101 |
0 |
|
|a rus
|
| 102 |
|
|
|a RU
|
| 200 |
1 |
|
|a Стратегический менеджмент в компании
|f Пер. В. И. Тимофеев
|
| 225 |
1 |
|
|a Место в глобальной конкуренции
|
| 461 |
|
1 |
|0 (RuTPU)RU\TPU\prd\1635
|x 0130-6898
|t Методы менеджмента качества
|o научно-технический журнал
|f Всероссийская организация качества (ВОК)
|d 1999-
|
| 463 |
|
1 |
|0 (RuTPU)RU\TPU\prd\5994
|t № 7
|v С. 49-51
|d 2002
|
| 610 |
1 |
|
|a компании
|
| 610 |
1 |
|
|a стратегический менеджмент
|
| 610 |
1 |
|
|a Европейский фонд по управлению качеством
|
| 610 |
1 |
|
|a модели
|
| 610 |
1 |
|
|a критические точки успеха
|
| 610 |
1 |
|
|a премии по качеству
|
| 610 |
1 |
|
|a EFQC
|
| 702 |
|
1 |
|a Тимофеев
|b В. И.
|4 730
|
| 801 |
|
1 |
|a RU
|b 63413507
|c 20030218
|g PSBO
|
| 801 |
|
2 |
|a RU
|b 63413507
|c 20130520
|g RCR
|
| 942 |
|
|
|c BK
|